| 000 | 00687nam a2200193 a 4500 | ||
|---|---|---|---|
| 005 | 20140310183224.0 | ||
| 008 | 031122s19uu xx 00 eng d | ||
| 020 | _a185302998X | ||
| 050 |
_aHV 1570 _b.C54 2002 |
||
| 100 | _aClements, John | ||
| 245 |
_aAssessing Behaviors Regarded as Problematic for People with Developmental Disabilities / _cJohn W. Clements with Neil Martin. |
||
| 260 |
_aLondon : _bJessica Kingsley Publishers, _c2002. |
||
| 300 |
_a228 p. : _bill. ; _c24 cm. |
||
| 521 | _aEDU | ||
| 650 |
_aDevelopmentally disabled _xPsychology _xCase studies |
||
| 650 |
_aDevelopmentally disabled _xSocial conditions _xCase Studies |
||
| 942 |
_cBK _2lcc _kFOR |
||
| 999 |
_c20362 _d20362 |
||